Mười nhà kinh doanh đại tài thế giới
Saved in:
| Format: | Book |
|---|---|
| Language: | Undetermined |
| Published: |
Hà Nội
Thanh Niên
2001
|
| Subjects: | |
| Tags: |
Add Tag
No Tags, Be the first to tag this record!
|
| Institutions: | Trung tâm Học liệu Trường Đại học Cần Thơ |
|---|
| LEADER | 00506nam a2200181Ia 4500 | ||
|---|---|---|---|
| 001 | CTU_43681 | ||
| 008 | 210402s9999 xx 000 0 und d | ||
| 020 | |b 41.00đ | ||
| 082 | |a 338.092 | ||
| 082 | |b M558 | ||
| 245 | 0 | |a Mười nhà kinh doanh đại tài thế giới | |
| 245 | 0 | |c Lê Giảng biên dịch | |
| 260 | |a Hà Nội | ||
| 260 | |b Thanh Niên | ||
| 260 | |c 2001 | ||
| 650 | |a businessmen | ||
| 904 | |i Minh, 011002 | ||
| 980 | |a Trung tâm Học liệu Trường Đại học Cần Thơ | ||